A retroperitonealis és mesenterialis daganatokról
An liand von je einem Falle von retroperitonealem Myofibrom, mesenterialer Chyluscyste, sowie mesenterialem Lymphosarkom, werden Pathologie und Klinik der retroperitonealen und mesenterialen Geschwülste besprochen. In allen 3 Fallen sind die üeschwülste operativ entfernt. worden und es trat Heilung...
Elmentve itt :
| Szerző: | |
|---|---|
| Dokumentumtípus: | Könyv része |
| Megjelent: |
1947
|
| Sorozat: | Tanulmányok, dolgozatok, közlemények a Szegedi Tudományegyetem Sebészeti Klinikájáról
Tanulmányok, dolgozatok, közlemények a Szegedi Tudományegyetem Sebészeti Klinikájáról, 1945-1947 |
| Kulcsszavak: | Rákbetegség, Daganatos betegségek |
| Tárgyszavak: | |
| Online Access: | http://acta.bibl.u-szeged.hu/51002 |
| LEADER | 01508naa a2200241 i 4500 | ||
|---|---|---|---|
| 001 | acta51002 | ||
| 005 | 20220224145449.0 | ||
| 008 | 180627s1947 hu o 0|| hun d | ||
| 040 | |a SZTE Egyetemi Kiadványok Repozitórium |b hun | ||
| 041 | |a hun | ||
| 041 | |a eng | ||
| 041 | |a ger | ||
| 100 | 1 | |a Prochnow Ferenc | |
| 245 | 1 | 2 | |a A retroperitonealis és mesenterialis daganatokról |h [elektronikus dokumentum] / |c Prochnow Ferenc |
| 260 | |c 1947 | ||
| 300 | |a 449-468 | ||
| 490 | 0 | |a Tanulmányok, dolgozatok, közlemények a Szegedi Tudományegyetem Sebészeti Klinikájáról | |
| 490 | 0 | |a Tanulmányok, dolgozatok, közlemények a Szegedi Tudományegyetem Sebészeti Klinikájáról, 1945-1947 | |
| 520 | 3 | |a An liand von je einem Falle von retroperitonealem Myofibrom, mesenterialer Chyluscyste, sowie mesenterialem Lymphosarkom, werden Pathologie und Klinik der retroperitonealen und mesenterialen Geschwülste besprochen. In allen 3 Fallen sind die üeschwülste operativ entfernt. worden und es trat Heilung ein. SUMMARY: Fach one case of retroperitoneal myofibroma, mesenterial chylecyst and mesenterial lymphosarcoma in published and clinical and pathological aispects of these tumours are discussed. In these 3 cases the tumours has been removed and the patients were relieved. | |
| 650 | 4 | |a Orvos- és egészségtudomány | |
| 650 | 4 | |a Klinikai orvostan | |
| 695 | |a Rákbetegség, Daganatos betegségek | ||
| 856 | 4 | 0 | |u http://acta.bibl.u-szeged.hu/51002/1/tanulmanyok_sebeszet_449-468.pdf |z Dokumentum-elérés |